नंदीबैल (Record no. 335568)

MARC details
000 -LEADER
fixed length control field 00526nam a2200157Ia 4500
008 - FIXED-LENGTH DATA ELEMENTS--GENERAL INFORMATION
fixed length control field 090711s9999 xx 000 0 und d
082 ## - DEWEY DECIMAL CLASSIFICATION NUMBER
Item number 587
100 ## - MAIN ENTRY--PERSONAL NAME
Personal name मालुसरे सूर्यकांत
245 ## - TITLE STATEMENT
Title नंदीबैल
260 ## - PUBLICATION, DISTRIBUTION, ETC. (IMPRINT)
Name of publisher, distributor, etc अर्चना प्रकाशन
Date of publication, distribution, etc 1982
600 ## - SUBJECT ADDED ENTRY--PERSONAL NAME
Personal name मालुसरे सूर्यकांत
630 ## - SUBJECT ADDED ENTRY--UNIFORM TITLE
Uniform title नंदीबैल
700 ## - ADDED ENTRY--PERSONAL NAME
Personal name मालुसरे सूर्यकांत
730 ## - ADDED ENTRY--UNIFORM TITLE
Uniform title नंदीबैल
942 ## - ADDED ENTRY ELEMENTS (KOHA)
Koha item type Book

No items available.